Представление документа в формате RUSMARC

ПолеНазваниеЗначение
  Тип записи a
  Библиографический уровень m
001 Контрольный номер RU/SLIB/B/208736363
005 Дата корректировки 20231030142132.5
010 Индекс ISBN __
d Цена 0-15
101 Язык документа 0_
a Язык текста rus
200 Заглавие и сведения об ответственности 1_
a Заглавие Лечебные воды и грязи Урала и Западной Сибири
f Первые сведения об ответственности сост.: В. Я. Кулакова, И. Е. Оранский, А. А. Моисеенко, А. Д. Евтушенко ; рец.: В. В. Розенблат, А. А. Малахов
b Общее обозначение материала Текст
210 Выходные данные 1_
a Место издания Свердловск
c Издательство Сред.-Урал. кн. изд-во
d Дата издания 1983
215 Физическое описание __
a Объем 108 с.
320 Библиография __
a Библиография Прил.: с. 81-102. - Алф. указ. лечеб.-питьевых вод: с. 103-106. - Библиогр.: с. 107
606 Тематические рубрики __
a Основная рубрика Здравоохранение. Медицинские науки
606 Тематические рубрики __
a Основная рубрика Физиотерапия и курортология в целом
y Географическая подрубрика Западная Сибирь; Урал
610 Ключевые слова 0_
a Ключевые слова курорты; лечебные грязи; лечебные воды; курортное дело; лечебные воды
686 Индексы других классификаций __
a Классификационный индекс 53.544; ст53.54
702 Вторичная интеллектуальная ответственность _1
a Фамилия Кулакова
b Имя В. Я.
4 Код отношения Составитель
4 Код отношения 220
702 Вторичная интеллектуальная ответственность _1
a Фамилия Оранский
b Имя И. Е.
4 Код отношения Составитель
4 Код отношения 220
702 Вторичная интеллектуальная ответственность _1
a Фамилия Моисеенко
b Имя А. А.
4 Код отношения Составитель
4 Код отношения 220
702 Вторичная интеллектуальная ответственность _1
a Фамилия Евтушенко
b Имя А. Д.
4 Код отношения Составитель
4 Код отношения 220
702 Вторичная интеллектуальная ответственность _1
a Фамилия Розенблат
b Имя В. В.
4 Код отношения Рецензент
4 Код отношения 675
702 Вторичная интеллектуальная ответственность _1
a Фамилия Малахов
b Имя А. А.
4 Код отношения Рецензент
4 Код отношения 675
801 Источник записи _0
a Страна RU
b Организация Муниципальное бюджетное учреждение культуры "Централизованная библиотечная система" г. Сургут (Центральная городская библиотека им. А. С. Пушкина)
g Правила каталогизации КиК/Михайлова
801 Источник записи _1
a Страна RU
b Организация Муниципальное бюджетное учреждение культуры "Централизованная библиотечная система" г. Сургут (Центральная городская библиотека им. А. С. Пушкина)
g Правила каталогизации КиК/Михайлова
852 Данные о местонахождении __
j Шифр хранения 53.544
c Каталожный индекс 53.54
i Авторский знак Л 53
p Инвентарный номер 16992
901 Тип документа __
t Тип документа m
990 Данные о заказе (DOS) __
j Количество экземпляров (DOS) 1